[Event "Zagreb Open A"]
[Site "Zagreb CRO"]
[Date "2011.04.11"]
[Round "1.14"]
[White "Jusic,Z"]
[Black "Jovanovic,Zo CRO"]
[Result "0-1"]
[WhiteElo "2373"]
[BlackElo "2544"]

1.e4 d6 2.d4 Nf6 3.Nc3 e5 4.dxe5 dxe5 5.Qxd8+ Kxd8 6.Bc4 Ke8 7.Nf3 Bd6 8.h3 c6
9.a4 Nbd7 10.Be3 Ke7 11.O-O-O Bc7 12.Nd2 Bb6 13.Bxb6 Nxb6 14.a5 Nbd7 15.b4 b5
16.axb6 axb6 17.Kb2 b5 18.Bd3 Nb6 19.Nf3 Nfd7 20.Ra1 Bb7 21.Rxa8 Rxa8 22.Ra1 Rxa1
23.Kxa1 Nc8 24.Nd2 Nd6 25.Nb3 g6 26.f3 Nb6 27.Na5 Kd7 28.Kb1 Bc8 29.Kc1 Kc7
30.Nd1 Be6 31.Ne3 f5 32.g4 f4 33.Nd1 h5 34.Nf2 Nd7 35.Kb2 Kb6 36.Nb3 c5 37.bxc5+ Nxc5
38.Nxc5 Kxc5 39.Kc3 h4 40.Be2 b4+ 41.Kd2 Nf7 42.Nd3+ Kd6 43.c3 b3 44.Nf2 Kc5
45.Nd3+ Kb6 46.Kc1 Bc4 47.Nxf4 exf4 48.Bxc4 Ng5 49.Bxb3 Nxh3 50.Kd1 Ng1 51.Ke1 Nxf3+
52.Ke2 Ne5 53.g5 h3 54.Kf2 Ng4+ 55.Kg1 f3  0-1

[Event "Zagreb Open B"]
[Site "Zagreb CRO"]
[Date "2011.04.11"]
[Round "1.17"]
[White "Boljat,Igor"]
[Black "Lasic,L"]
[Result "0-1"]
[WhiteElo "1959"]
[BlackElo "2209"]

1.e4 d6 2.d4 Nf6 3.Nc3 Nbd7 4.Nf3 e5 5.Bc4 Be7 6.O-O O-O 7.Bg5 c6 8.a4 h6
9.Bxf6 Bxf6 10.d5 Nb6 11.Be2 a5 12.h3 Qe7 13.Re1 g6 14.Bf1 Bg7 15.Qd2 c5
16.Ra3 Bd7 17.Rb3 Qd8 18.Nb5 Nc8 19.c4 f5 20.exf5 gxf5 21.Nxd6 Nxd6 22.Nxe5 Ne4
23.Qf4 Qc7 24.Ng6 Qxf4 25.Nxf4 Bd4 26.Re2 Bxa4 27.Rxb7 Bd1 28.Ne6 Bxe2 29.Nxd4 cxd4
30.Bxe2 d3  0-1

[Event "Chinese League"]
[Site "Ningbo CHN"]
[Date "2011.04.12"]
[Round "1"]
[White "Gong Qianyun"]
[Black "Wang Xiaohui"]
[Result "1-0"]
[WhiteElo "2232"]
[BlackElo "2218"]

1.e4 d6 2.d4 Nf6 3.Nc3 e5 4.Nf3 Nbd7 5.g4 Nxg4 6.Rg1 exd4 7.Nxd4 Nde5 8.h3 Nf6
9.f4 Nc6 10.Be3 g6 11.Qf3 Bg7 12.O-O-O O-O 13.Bd3 Nxd4 14.Bxd4 Ne8 15.e5 dxe5
16.Bxe5 Qh4 17.Kb1 c6 18.Ne4 Qe7 19.Qg3 Bf5 20.Ng5 Bxd3 21.Rxd3 Bxe5 22.fxe5 Ng7
23.Rf3 Rae8 24.Qh4 h5 25.Qf2 Qxe5 26.Nxf7 Qe7 27.Nh6+ Kh7 28.Nf7 Ne6 29.a3 Kg7
30.Qg3 g5 31.Qe5+ Kh7 32.Rgf1 Nf4 33.Nxg5+ Kg6 34.Qxe7 Rxe7 35.h4 Re2 36.Rxf4 Re1+
37.Rxe1 Rxf4 38.Rh1 Kf5 39.Kc1 Rf2 40.Rg1 Rh2 41.Nf3 Rh3 42.Nd4+ Ke4 43.Ne2 Rxh4
44.Kd2 Rh2 45.Rg7 h4 46.Rxb7 h3 47.Re7+ Kf3 48.Rf7+ Ke4 49.Rf4+ Ke5 50.Rh4 Kf5
51.Ke3 Kg5 52.Rh8 Kg4 53.Rg8+ Kh4 54.Kf3 Rh1 55.Rg4+ Kh5 56.Ng3+  1-0

[Event "TCh-RUS Premier"]
[Site "Olginka RUS"]
[Date "2011.04.12"]
[Round "1"]
[White "Kalugin,Sergey"]
[Black "Pridorozhni,A"]
[Result "1/2-1/2"]
[WhiteElo "2390"]
[BlackElo "2542"]

1.e4 d6 2.d4 Nf6 3.Nc3 e5 4.dxe5 dxe5 5.Qxd8+ Kxd8 6.Bc4 Ke8 7.Bg5 Bb4 8.O-O-O Bxc3
9.bxc3 Nbd7 10.Nf3 Ng4 11.Rd2 f6 12.h3 Nh6 13.Bxh6 gxh6 14.Nh4 Nc5 15.Re1 Ke7
16.f4 Be6 17.Nf5+ Bxf5 18.exf5 e4 19.Bd5 Rae8 20.Bxe4 Kf8 21.Rde2 Rxe4 22.Rxe4 Nxe4
23.Rxe4 Rg8 24.Rb4 b6 25.Ra4 Ke7 26.Rxa7 Kd7 27.c4 Rxg2 28.c5 Kc6 29.cxb6 Kxb6
30.Ra8 Rg3 31.Rf8 Rxh3 32.Rxf6+ c6 33.Re6 Rh5 34.Re5 Rh4 35.Re7 Rxf4 36.Rxh7 Rxf5
37.Rxh6 Ra5 38.Kb2 Rb5+ 39.Ka1 Rc5 40.Rh2 Rg5 41.Rh3 Rc5 42.Kb2 Rc4 43.Rb3+ Kc7
44.a3 Rg4 45.Rb4 Rg3 46.c3 Rg5 47.Kb3 Rh5 48.a4 Rg5 49.Rh4  1/2-1/2

[Event "Zagreb Open B"]
[Site "Zagreb CRO"]
[Date "2011.04.12"]
[Round "2.8"]
[White "Levar,N"]
[Black "Ostovic,M"]
[Result "0-1"]
[WhiteElo "2077"]
[BlackElo "2232"]

1.e4 d6 2.d4 Nf6 3.Nc3 e5 4.Nf3 Nbd7 5.Bc4 Be7 6.O-O O-O 7.Re1 c6 8.a4 b6
9.h3 Bb7 10.Be3 a6 11.dxe5 dxe5 12.Bd3 Qc7 13.Ne2 Nc5 14.Ng3 Rfd8 15.Qe2 b5
16.b3 Ne6 17.Nf5 Bb4 18.Red1 g6 19.Nh6+ Kg7 20.Ng5 Nxg5 21.Bxg5 Be7 22.Bxf6+ Bxf6
23.Ng4 Be7 24.Qe3 h5 25.Qh6+ Kg8 26.Ne3 Rd6 27.axb5 axb5 28.Rxa8+ Bxa8 29.Ra1 Qd8
30.f4 Bb7 31.Ra7 exf4 32.Qxf4 Bg5 33.Qg3 h4 34.Qf3 Qb6 35.Rxb7 Bxe3+ 36.Kh1 Qxb7
37.Qxe3 Qe7 38.Qh6 Rf6 39.Qe3  0-1

[Event "11th BCC Thailand Open"]
[Site "Pattaya THA"]
[Date "2011.04.13"]
[Round "4.13"]
[White "Prince,Ba"]
[Black "Sklyarov,D"]
[Result "0-1"]
[WhiteElo "2194"]
[BlackElo "2415"]

1.e4 d6 2.d4 Nf6 3.Nc3 e5 4.Nf3 Nbd7 5.Bc4 Be7 6.O-O O-O 7.Re1 c6 8.a4 a5
9.h3 Nb6 10.Bf1 exd4 11.Nxd4 d5 12.e5 Ne8 13.Bf4 g6 14.Qf3 Ng7 15.b3 Nd7
16.Nce2 f6 17.e6 Ne5 18.Qg3 Bd6 19.Bh6 g5 20.Bxg7 Kxg7 21.f4 Kh8 22.Nf5 Bc5+
23.Kh1 Bxe6 24.Ned4 Bxd4 25.Nxd4 gxf4 26.Qxf4 Qd6 27.Bd3 Rae8 28.Qh6 Bg8
29.Bf5 Qb4 30.Nf3 Qc3 31.Qd2 Qxd2 32.Nxd2 Bf7 33.Re2 Bg6 34.Bxg6 hxg6 35.Rae1 Re7
36.Kg1 Rfe8 37.Kf2 Kg7 38.Nf3 Kf7 39.Nd4 f5 40.g3 Kf6 41.h4 Ng4+ 42.Kf3 Re4
43.Rxe4 dxe4+ 44.Kf4 Rd8 45.c3 c5 46.Ne2 Rd3 47.Rf1 Ne3  0-1

[Event "Zagreb Open B"]
[Site "Zagreb CRO"]
[Date "2011.04.13"]
[Round "3.6"]
[White "Franciskovic,V"]
[Black "Lasic,L"]
[Result "1/2-1/2"]
[WhiteElo "2132"]
[BlackElo "2209"]

1.e4 d6 2.d4 Nf6 3.Nc3 Nbd7 4.Bc4 e5 5.Nf3 Be7 6.Be3 O-O 7.Qd2 c6 8.a4 Qc7
9.O-O Ng4 10.Rae1 h6 11.Ne2 Nb6 12.Bb3 Be6 13.d5 cxd5 14.exd5 Bd7 15.Nc3 Nc4
16.Qe2 Ngxe3 17.fxe3 Nxb2 18.Nb5 Qa5 19.c4 Nxa4 20.Ra1 Bxb5 21.Bxa4 Bxa4
22.Qa2 Qc5 23.Qxa4 Qxe3+ 24.Kh1 Qc5 25.Qd7 Bf6 26.Nd2 Qe3 27.Rad1 Rfd8 28.Qxb7 Qb6
29.Rb1 Qxb7 30.Rxb7 Re8 31.Ne4 Be7 32.c5 f6 33.cxd6 Bf8 34.Rxf6 Reb8 35.Rff7 a5
36.h3 a4 37.Rxb8 Rxb8 38.Ra7 Rd8 39.Rxa4 Bxd6 40.Ra6 Bf8 41.Ra5 Kf7 42.g4 Rb8
43.Ra7+ Ke8 44.Kg2 Rb4 45.Kf3 Rb3+ 46.Ke2 Rb4 47.Kf3 Rb3+ 48.Ke2 Rb4  1/2-1/2

[Event "11th European Senior"]
[Site "Courmayeur ITA"]
[Date "2011.04.14"]
[Round "9.14"]
[White "Sinelnikov,I"]
[Black "Valenti,G"]
[Result "1/2-1/2"]
[WhiteElo "2190"]
[BlackElo "2143"]

1.e4 d6 2.d4 Nf6 3.Nc3 e5 4.dxe5 dxe5 5.Qxd8+ Kxd8 6.Bg5 c6 7.Bc4 Be6 8.Bxe6 fxe6
9.O-O-O+ Nd7 10.Nge2 Kc7 11.Bh4 b5 12.f3 Bc5 13.g4 Be3+ 14.Kb1 h6 15.Rd3 Bf4
16.Bf2 g5 17.h4 gxh4 18.Bxh4 Bg5 19.Bg3 h5 20.f4 exf4 21.Nxf4 Bxf4 22.Bxf4+ e5
23.g5 Ng4 24.Bg3 Nc5 25.Rf3 b4 26.Rf7+ Kb6 27.Ne2 Nxe4 28.g6 Rag8 29.g7 Rh7
30.Be1 a5 31.c3 c5 32.cxb4 axb4 33.a3 bxa3 34.bxa3 Nd6 35.Re7 Nf5 36.Re6+ Kb5
37.Rh3 Rgxg7 38.Nc3+ Kc4 39.Ra6 Rb7+ 40.Ka2 Nfe3 41.Bd2 Rhd7 42.Ra4+ Kd3
43.Bxe3 Kxc3 44.Bxc5+ Kc2 45.Rc4+ Kd1 46.Bb4 Nf6 47.Re3 Rxb4 48.axb4 e4 49.Rc6 Kd2
50.Rh3 Nd5 51.Kb3 e3 52.Rc2+ Kd3 53.Rc5 Kd2 54.Rxh5 Nxb4 55.Kxb4 e2 56.Rhd5+ Rxd5
57.Rxd5+ Kc2 58.Re5  1/2-1/2

[Event "Chinese League"]
[Site "Ningbo CHN"]
[Date "2011.04.14"]
[Round "3"]
[White "Gong Qianyun"]
[Black "Vijayalakshmi,S"]
[Result "1-0"]
[WhiteElo "2232"]
[BlackElo "2431"]

1.e4 d6 2.d4 Nf6 3.Nc3 e5 4.Nf3 Nbd7 5.Bc4 Be7 6.O-O O-O 7.h3 c6 8.Bb3 b6
9.a4 a6 10.Be3 Bb7 11.Nh4 g6 12.Bh6 Re8 13.Nf3 Bf8 14.Bxf8 Nxf8 15.dxe5 dxe5
16.Qc1 Kg7 17.Qe3 N8d7 18.Ng5 Nc5 19.Nxf7 Qe7 20.Qh6+ Kg8 21.Ba2 Ne6 22.Nxe5 Qg7
23.Qe3 c5 24.f4 Kh8 25.Rad1 Qc7 26.Bxe6 Rxe6 27.Nd5 Nxd5 28.exd5 Rd6 29.c4 Rf8
30.Nf3 Bc8 31.Qe5+ Kg8 32.Ng5 Rf5 33.Qe3 Rd8 34.g4 Rff8 35.Ne6 Qe7 36.f5 Rf6
37.Qe5 gxf5 38.gxf5 Bxe6 39.dxe6 Rd4 40.Kh2 h6 41.Rg1+ Kh7 42.Rxd4 cxd4 43.Qg3  1-0

[Event "TCh-RUS Premier"]
[Site "Olginka RUS"]
[Date "2011.04.14"]
[Round "3"]
[White "Potapov,P"]
[Black "Bocharov,D"]
[Result "1/2-1/2"]
[WhiteElo "2474"]
[BlackElo "2595"]

1.e4 d6 2.d4 Nf6 3.Nc3 e5 4.Nf3 Nbd7 5.Bc4 Be7 6.O-O O-O 7.a4 c6 8.Re1 exd4
9.Nxd4 Ne5 10.Ba2 Re8 11.Bf4 Qa5 12.Bg3 Qb4 13.Bb3 Bd7 14.a5 b5 15.axb6 axb6
16.Nf5 Bf8 17.Rxa8 Rxa8 18.f3 Be6 19.Ne3 Bxb3 20.cxb3 b5 21.Qc2 Ned7 22.Rd1 g6
23.Ne2 Bh6 24.Bf2 Qc5 25.Qd3 Qe5 26.Qxd6 Qxb2 27.Qxc6 Ra2 28.Re1 b4 29.Nc4 Qxb3
30.e5 Qd3 31.Ng3 Rc2 32.Qa8+ Nf8 33.Nd6 b3 34.Nxf7 Kxf7 35.exf6 b2 36.Ne4 Re2
37.Qa2+ Ne6 38.Rf1 Be3 39.Bxe3 Qxe3+ 40.Kh1 Re1 41.Nd6+ Kxf6 42.Qxb2+ Nd4
43.Qxd4+ Qxd4 44.Rxe1 Qxd6 45.h3 g5 46.Re4 Qd2 47.Kh2 Qd6+ 48.Kh1 h5 49.Kg1 Kf5
50.Kh1 Qd2 51.Kg1 Qd1+ 52.Kh2 Qf1 53.Re8 Kf6 54.Re4 Qb1 55.Rc4 Ke5 56.Re4+ Kd5
57.Ra4 Qc1 58.Re4 Qc7+ 59.Kh1 Qa7 60.Kh2 Qa1 61.Re2 Kd4 62.Re4+ Kd3 63.Re8 Qc1
64.Re4 Qc7+ 65.Kh1 Qg3 66.Ra4 Qf2 67.Kh2 Qb6 68.Re4 Qb8+ 69.Kh1 Kd2 70.Kg1 Qg3
71.Kh1 Qb8 72.Kg1 Kd3 73.Kh1 Qb1+ 74.Kh2 Qa1 75.Re8 Qf1 76.Re4 Qf2 77.Ra4 Qb6
78.Re4 Qh6 79.Kg1 g4 80.hxg4 h4 81.Kh1 h3 82.Kh2 hxg2+ 83.Kxg2 Qh4 84.Re5 Qf6
85.Re4 Qa1 86.Re8 Qa7 87.Re4 Qa2+ 88.Kg3 Qd5 89.Kg2 Qc5 90.Re8 Qd6 91.Re4 Qb8
92.Kh3 Qd6 93.Kg2 Qc7 94.Kh3 Qc2 95.Kg3 Qb2 96.Re8 Kd4 97.Re4+ Kd5 98.Re8 Qb5
99.Re1 Qd3 100.Kf2 Qd4+ 101.Kg3 Qd2 102.Re4 Qc3 103.Kg2 Qa1 104.Re2 Qd1 105.Re4 Kd6
106.Re8 Kc7 107.Re7+ Kd8 108.Re4 Kd7 109.Kf2 Qh1 110.Kg3 Qg1+ 111.Kf4 Kd6
112.Re2 Qd1 113.Re4 Qc1+ 114.Kg3 Qg1+ 115.Kf4 Qh2+ 116.Ke3 Qg3 117.Rd4+ Ke5
118.Re4+ Kf6 119.Rf4+ Kg6 120.Rf5 Qe1+ 121.Kd3 Qf2 122.Kc3 Qe3+ 123.Kc4 Qd2
124.Kc5 Qd3 125.Kc6 Qd4 126.Kc7 Qa4 127.Kd6 Qc4 128.Ke5 Qd3 129.Kf4 Qd2+
130.Ke4 Qc3 131.Kf4 Qe1 132.Rg5+ Kf6 133.Rf5+  1/2-1/2

[Event "11th BCC Thailand Open"]
[Site "Pattaya THA"]
[Date "2011.04.14"]
[Round "6.6"]
[White "Morris,J"]
[Black "Sklyarov,D"]
[Result "1/2-1/2"]
[WhiteElo "2227"]
[BlackElo "2415"]

1.e4 d6 2.d4 Nf6 3.Nc3 e5 4.dxe5 dxe5 5.Qxd8+ Kxd8 6.Bc4 Ke8 7.Nf3 Bd6 8.Bg5 Nbd7
9.O-O-O a6 10.Bb3 b5 11.Rhe1 Bb7 12.Bxf6 Nxf6 13.Nd5 Nd7 14.Ne3 f6 15.Nf5 Bf8
16.Bf7+ Kd8 17.Rd3 c6 18.Red1 Bc8 19.Be6 Ra7 20.Nd6 Bxd6 21.Rxd6 Rc7 22.Nh4 Rf8
23.Nf5 g6 24.Nh6 Ke8 25.Ng8 f5 26.Bxd7+ Bxd7 27.Nf6+ Rxf6 28.Rxf6 fxe4 29.Rdd6 Ke7
30.Kd2 b4 31.Ke3 Rb7 32.Rxc6 Bxc6 33.Rxc6 a5 34.Rc5 Kd6 35.Rxa5 Rc7 36.Rb5 Rc4
37.Kd2 Rd4+ 38.Kc1 Ke6 39.Rb6+ Kd5 40.Rb7 Ke6 41.Rxh7 Rd8 42.Rh4 Rf8 43.Rxe4 Rxf2
44.Rxb4 Rxg2 45.a4 Rxh2 46.a5 Kd5 47.b3 Rh1+ 48.Kd2 Rh2+ 49.Kc3 Rh3+ 50.Kb2 Rh7
51.Rg4 e4 52.Kc3 Rh3+ 53.Kb4 e3 54.c4+ Ke5 55.Rxg6 e2 56.Rg1 Re3 57.Re1 Kd6
58.c5+ Kc6 59.Kc4 Re5 60.Kd3 Rxc5 61.b4 Rb5 62.Rc1+ Kb7 63.Rb1 e1=Q  1/2-1/2

[Event "Zagreb Open B"]
[Site "Zagreb CRO"]
[Date "2011.04.14"]
[Round "4.13"]
[White "Blazeka,M"]
[Black "Valkovic,K"]
[Result "1/2-1/2"]
[WhiteElo "2163"]
[BlackElo "2078"]

1.e4 d6 2.d4 Nf6 3.Nc3 c6 4.f4 Qa5 5.Bd3 Bg4 6.Nf3 d5 7.O-O e6 8.h3 Bxf3
9.Qxf3 dxe4 10.Nxe4 Nxe4 11.Bxe4 g6 12.Qe3 Nd7 13.f5 gxf5 14.Bxf5 O-O-O 15.Bd3 Qh5
16.Qg5 Qxg5 17.Bxg5 f6 18.Bh4 Bg7 19.Rae1 Rde8 20.Re2 e5 21.dxe5 Nxe5 22.Bxf6 Bxf6
23.Rxf6 Nxd3 24.Rxe8+ Rxe8 25.cxd3 Re2 26.Rf8+ Kc7 27.Rf7+ Kb6 28.Rxh7 Rxb2
29.g4 Kc5 30.g5 Kd6 31.Rf7 Ke6 32.Rf2 Rb5 33.h4 Rb4 34.Re2+ Kf5 35.Re4 Rb2
36.Ra4 a6 37.Kf1 Rd2 38.Ra5+ Kg6 39.Ra3 Rh2 40.Ra5 Rd2  1/2-1/2

[Event "TCh-RUS Premier"]
[Site "Olginka RUS"]
[Date "2011.04.15"]
[Round "4"]
[White "Venevtsev,A"]
[Black "Kabanov,N"]
[Result "0-1"]
[WhiteElo "2330"]
[BlackElo "2524"]

1.e4 d6 2.d4 Nf6 3.Nc3 e5 4.dxe5 dxe5 5.Qxd8+ Kxd8 6.Bg5 Be6 7.O-O-O+ Kc8
8.f4 exf4 9.Nf3 Bb4 10.Nd5 Bxd5 11.Bxf6 gxf6 12.Rxd5 Nd7 13.g3 c6 14.Rd1 Kc7
15.Bh3 Rad8 16.gxf4 Bc5 17.Rhe1 Nb6 18.Rd3 Rhg8 19.a3 a5 20.Rc3 Bf8 21.Nh4 Bd6
22.Rf3 Nc4 23.Nf5 Bc5 24.Rd3 Rg1 25.Rf1 Rxf1+ 26.Bxf1 Nd6 27.Ng3 Re8 28.Bg2 a4
29.Kd2 b5 30.Kc1 Bf2 31.b3 axb3 32.cxb3 Bc5 33.Kb2 Ra8 34.e5 Bxa3+ 35.Kb1 Nb7
36.Rc3 Ra6 37.Ne4 f5 38.Nf6 Nc5 39.Nxh7 Ne6 40.Ng5 Nxf4 41.Bf3 Bb4 42.Rc2 Nd3
43.Re2 Ra3 44.Kc2 Nf4 45.Re3 Ra2+ 46.Kb1 Rxh2 47.e6 fxe6 48.Nxe6+ Nxe6 49.Rxe6 Bd6
50.Rf6 Rb2+ 51.Kxb2 Be5+ 52.Kc2 Bxf6 53.Kd3 Kd6 54.Bg2 c5 55.Bf3 Bd4 56.Bh5 Kc6
57.Bg6 f4 58.Bh5 Be3 59.Be2 Kb6 60.Ke4 Ka5 61.Kd5 Kb4 62.Bf1 Bc1 63.Be2 Bd2
64.Bf1 f3 65.Bd3 f2 66.Bf1 Be3 67.Be2 Bd4 68.Bf1 Kxb3 69.Bxb5 Kc3 70.Ke4 c4  0-1

[Event "11th BCC Thailand Open"]
[Site "Pattaya THA"]
[Date "2011.04.15"]
[Round "7.4"]
[White "Hansen,SuB"]
[Black "Hopman,P"]
[Result "0-1"]
[WhiteElo "2603"]
[BlackElo "2365"]

1.d4 d6 2.e4 Nf6 3.Nc3 e5 4.Nf3 Nbd7 5.Bc4 Be7 6.O-O O-O 7.Re1 c6 8.a4 a5
9.h3 Nb6 10.Bd3 exd4 11.Nxd4 d5 12.e5 Ne8 13.Bf4 g6 14.Nf3 Ng7 15.Ne2 Nd7
16.c3 Nc5 17.Bc2 Bf5 18.Bh6 Bxc2 19.Qxc2 f6 20.Ned4 fxe5 21.Nxe5 Qd6 22.Rad1 Rae8
23.Ndf3 Bd8 24.c4 Rf5 25.cxd5 cxd5 26.Ng4 Rxe1+ 27.Rxe1 Nge6 28.Be3 Rf8 29.Nd4 Ne4
30.Nb5 Qc6 31.Qd3 Nf4 32.Qd4 h5 33.Ne5 Qe6 34.Nd3 g5 35.Qe5 Qxe5 36.Nxe5 Re8
37.Nf3 Nd3 38.Rd1 Nb4 39.Nc3 g4 40.Nd4 g3 41.Nxe4 Rxe4 42.Nf5 gxf2+ 43.Kxf2 Bf6
44.b3 Kh7 45.Ng3 Bh4 46.Bc1 Re7 47.Kf3 Rf7+ 48.Bf4 Kg6 49.Ne2 Bd8 50.g3 Bb6
51.Rd2 Re7 52.g4 h4 53.Nc3 d4 54.Nb5 d3 55.Rd1 Re2 56.Bd2 Nd5 57.g5 Ne3 58.Bxe3 Rxe3+
59.Kg4 Rg3+ 60.Kf4 Be3+ 61.Ke4 d2 62.Nc3 Bxg5 63.Nd5  0-1

[Event "Zagreb Open B"]
[Site "Zagreb CRO"]
[Date "2011.04.15"]
[Round "5.20"]
[White "Tscharotschkin,M"]
[Black "Blazeka,Da"]
[Result "1-0"]
[WhiteElo "2218"]
[BlackElo "2060"]

1.e4 d6 2.d4 Nf6 3.Nc3 e5 4.Nf3 Nbd7 5.Bc4 Be7 6.dxe5 Nxe5 7.Nxe5 dxe5 8.Qe2 c6
9.a4 O-O 10.O-O Re8 11.Be3 Ng4 12.Qf3 Rf8 13.Rad1 Qc7 14.Bc1 a6 15.h3 Nf6
16.Bg5 b5 17.axb5 axb5 18.Bb3 Bb7 19.Ne2 c5 20.Bxf6 Bxf6 21.Bd5 Bxd5 22.Rxd5 b4
23.c4 Rfd8 24.Rfd1 Qa5 25.b3 Qa2 26.Ng3 Rxd5 27.exd5 Ra3 28.Ne4 Rxb3 29.Nxf6+ gxf6
30.Qg4+ Kf8 31.Qc8+ Kg7 32.d6  1-0

[Event "Zagreb Open B"]
[Site "Zagreb CRO"]
[Date "2011.04.15"]
[Round "5.4"]
[White "Maslac,Z"]
[Black "Lasic,L"]
[Result "0-1"]
[WhiteElo "2114"]
[BlackElo "2209"]

1.e4 d6 2.d4 Nf6 3.Nc3 Nbd7 4.Nf3 e5 5.Bc4 Be7 6.O-O O-O 7.h3 c6 8.a4 a5
9.Qe2 Qc7 10.dxe5 dxe5 11.Nh4 Bb4 12.Nf5 Nb6 13.Bg5 Ne8 14.Bb3 Be6 15.Rad1 Bxb3
16.cxb3 f6 17.Be3 Kh8 18.Bxb6 Qxb6 19.Qc4 Qc7 20.Qe6 Qf7 21.Qxf7 Rxf7 22.Rd3 g6
23.Nh6 Re7 24.Rfd1 Kg7 25.Ng4 Nc7 26.Ne3 Ne6 27.Rd7 Re8 28.Na2 Nc5 29.Rxe7+ Rxe7
30.Nxb4 axb4 31.Nc2 Nxe4 32.Nxb4 Nc5 33.a5 Kf7 34.a6 Nxa6 35.Nxa6 bxa6 36.Ra1 Ra7
37.Rc1 Rc7 38.Ra1 Ke6 39.Rxa6 Kd5 40.Rb6 Kc5 41.Rb8 Rd7 42.b4+ Kc4 43.Rb6 Rc7
44.Kf1 f5 45.Ke2 e4 46.Ke3 Rc8 47.g4 Rc7 48.gxf5 gxf5 49.Kf4 Kd3 50.b5 cxb5
51.Rxb5 Rc2 52.Rb3+ Kd4 53.Kg3 f4+ 54.Kg2 e3 55.Rb4+ Ke5 56.Rb5+ Kf6 57.Rb6+ Kg5
58.Rb5+ Kh4 59.Rb7 Rxf2+ 60.Kg1 Kg3 61.Rg7+ Kf3 62.Rxh7 Rg2+ 63.Kh1 Rd2  0-1

[Event "Zagreb Open B"]
[Site "Zagreb CRO"]
[Date "2011.04.15"]
[Round "5.3"]
[White "Vadla,Z"]
[Black "Ostovic,M"]
[Result "1-0"]
[WhiteElo "2156"]
[BlackElo "2232"]

1.e4 d6 2.d4 Nf6 3.Nc3 e5 4.Nf3 Nbd7 5.Be2 Be7 6.O-O O-O 7.Re1 c6 8.a4 b6
9.Bf1 Bb7 10.h3 a6 11.b3 Qc7 12.Ba3 Rfd8 13.Qc1 Bf8 14.dxe5 dxe5 15.Bxf8 Nxf8
16.Nb1 b5 17.Nbd2 Ne6 18.Qb2 Rd7 19.Bd3 Nd4 20.Nxd4 exd4 21.b4 Nh5 22.Nb3 Nf4
23.Nc5 Rdd8 24.Bf1 Ne6 25.Nxe6 fxe6 26.Ra3 e5 27.Rf3 Rf8 28.Rxf8+ Rxf8 29.c3 Rd8
30.Rd1 dxc3 31.Rxd8+ Qxd8 32.Qxc3 Qd4 33.Qb3+ Kf8 34.Qe6 h6 35.a5 Qxb4 36.Qf5+ Ke8
37.Qxe5+ Qe7 38.Qb8+ Kf7 39.e5 c5 40.f4 Be4 41.Qc8 Bb7 42.Qb8 Be4 43.Qc8 Bb7
44.Qb8 g6 45.Bd3 c4 46.e6+ Kxe6 47.Bxg6 Qc5+ 48.Kh1 Qd5 49.f5+ Kd7 50.Qe8+ Kc7
51.Qe7+ Kb8 52.Qe8+ Kc7 53.Qe7+ Kc8 54.Qe8+ Qd8 55.Qe5 Qd1+ 56.Kh2 Qd5 57.Qe8+ Qd8
58.Qe3 Qd5 59.Qe8+ Kc7 60.Qe7+ Kb8 61.Qe8+ Kc7 62.Qe7+ Kc8 63.Qe8+ Qd8 64.Qe3 Qd6+
65.Kh1 Qc6 66.Qf2 Qf6 67.Qc5+ Kd7 68.Bh5 Qa1+ 69.Kh2 Qb2 70.Qg1 Qe5+ 71.Kh1 c3
72.Bd1 Ke8 73.Qf2 Qf6 74.Bc2 Kd8 75.Qc5 Qc6 76.Qf8+ Qe8 77.Qf6+ Qe7 78.Qxc3 Qg5
79.Qd4+ Kc7 80.Qc5+ Kd7 81.Qd4+ Kc7 82.Qf2 Qf6 83.Qf4+ Kd7 84.Bb3 Bxg2+ 85.Kh2 Bc6
86.Be6+ Ke8 87.Qb8+ Qd8 88.Bf7+ Ke7 89.f6+ Kd7 90.Be6+  1-0

[Event "13th Dubai Open"]
[Site "Dubai UAE"]
[Date "2011.04.16"]
[Round "7"]
[White "Shyam,SM"]
[Black "Gagunashvili,M"]
[Result "1/2-1/2"]
[WhiteElo "2457"]
[BlackElo "2599"]

1.e4 d6 2.d4 Nf6 3.Nc3 e5 4.dxe5 dxe5 5.Qxd8+ Kxd8 6.Bg5 Be6 7.f4 exf4 8.Nf3 Kc8
9.O-O-O Bb4 10.Bxf6 gxf6 11.Nd5 Bxd5 12.Rxd5 Nd7 13.Rf5 Bd6 14.Bc4 Ne5 15.Nxe5 Bxe5
16.Rd1 c6 17.Bxf7 Kc7 18.Rh5 Rad8 19.Rxd8 Kxd8 20.Rh3 Ke7 21.Bc4 h6 22.Rb3 Rb8
23.Be2 Bc7 24.Rd3 Rd8 25.Rxd8 Kxd8 26.Bf3 Ke7 27.c3 Be5 28.Kc2 Bd6 29.a3 Be5
30.a4 Bd6  1/2-1/2

[Event "Branko Vukmanovic Mem Open"]
[Site "Tivat MNE"]
[Date "2011.04.16"]
[Round "1.21"]
[White "Mazi,L"]
[Black "Sirletti,S"]
[Result "1-0"]
[WhiteElo "2368"]
[BlackElo "1907"]

1.e4 d6 2.d4 Nf6 3.Nc3 e5 4.Nf3 Nbd7 5.g3 Be7 6.Bg2 O-O 7.O-O c6 8.a4 b6
9.Re1 Qc7 10.h3 Bb7 11.Bg5 Rfe8 12.Qd2 Bf8 13.Rad1 h6 14.Be3 Kh7 15.Qd3 Kg8
16.Nh4 exd4 17.Qxd4 Ne5 18.Bc1 a6 19.Nf5 Rad8 20.Kh1 d5 21.exd5 Nxd5 22.Nxd5 cxd5
23.Bf4 f6 24.c3 Bc5 25.Bxe5 fxe5 26.Qg4 Kh8 27.b4 Bf8 28.Rd3 a5 29.b5 Bc5
30.Rd2 Bf8 31.Red1 Qxc3 32.Bxd5 Bxd5+ 33.Rxd5 Rxd5 34.Rxd5 e4 35.Rd7 Qf6
36.Kg2 Re5 37.Ne3 Bc5 38.Qf4 Qe6 39.Rd8+ Kh7 40.g4 Qe7 41.Nf5 Qf6 42.Rd7 Be7
43.h4 Re6 44.Qc7 Bf8 45.Rf7 Qg6 46.Rxf8 Qxg4+ 47.Qg3 Rg6 48.Qxg4 Rxg4+ 49.Kh3 Rf4
50.Kg3 Rf3+ 51.Kg2 h5 52.Rf7 Kg6 53.Rxg7+ Kxf5 54.Rg5+ Kf6 55.Rxh5 Kg6 56.Re5 Rf4
57.Re6+ Kh5 58.Rxb6 e3 59.fxe3 Rxa4 60.Kf3 Kxh4 61.Ra6 Kg5 62.b6 Rb4 63.Rxa5+ Kf6
64.Ra6 Ke5 65.Ke2 Ke4 66.Kd2 Rb1 67.Kc2 Rb5 68.Kc3 Kxe3 69.Kc4 Rb1 70.Ra3+ Ke4
71.Rb3 Rc1+ 72.Kb5 Kd5 73.b7 Rc5+ 74.Ka6 Rc6+ 75.Ka5  1-0

[Event "Zagreb Open A"]
[Site "Zagreb CRO"]
[Date "2011.04.16"]
[Round "7.7"]
[White "Brkic,A"]
[Black "Jovanovic,Zo CRO"]
[Result "1-0"]
[WhiteElo "2592"]
[BlackElo "2544"]

1.e4 d6 2.d4 Nf6 3.Nc3 e5 4.Nf3 Nbd7 5.Bc4 Be7 6.O-O O-O 7.Re1 c6 8.a4 a5
9.b3 Nb6 10.Bd3 Bg4 11.dxe5 dxe5 12.h3 Bxf3 13.Qxf3 Bb4 14.Bb2 Nfd7 15.Red1 Qc7
16.Ne2 Rfd8 17.Qg3 Bf8 18.f4 exf4 19.Nxf4 g6 20.e5 Nd5 21.Rf1 Nxf4 22.Qxf4 Nb6
23.Qh4 Qe7 24.e6 f5 25.Bf6 Qc5+ 26.Kh1 Re8 27.Bxf5 Nd5 28.Bxg6 Nxf6 29.Bf7+ Kh8
30.Rxf6 Qe7 31.Bxe8 Bg7 32.Raf1 Rxe8 33.Qh5 Qxf6 34.Qxe8+  1-0

[Event "Zagreb Open A"]
[Site "Zagreb CRO"]
[Date "2011.04.16"]
[Round "7.18"]
[White "Rogulj,B"]
[Black "Jusic,Z"]
[Result "0-1"]
[WhiteElo "2391"]
[BlackElo "2373"]

1.e4 d6 2.d4 Nf6 3.Nc3 e5 4.Nf3 Nbd7 5.Bc4 Be7 6.O-O O-O 7.Re1 c6 8.a4 h6
9.h3 Qc7 10.b3 Re8 11.Bb2 Nf8 12.a5 Be6 13.d5 cxd5 14.exd5 Bd7 15.a6 Ng6
16.axb7 Qxb7 17.Ba6 Qb4 18.Na2 Qb6 19.Nc1 Nf4 20.c4 Bxh3 21.gxh3 Nxh3+ 22.Kg2 Qxf2+
23.Kxh3 Nh5 24.Bxe5 dxe5 25.Rg1 Nf4+ 26.Kg4 g6  0-1

[Event "TCh-CZE 2010-11"]
[Site "Czech Rep CZE"]
[Date "2011.04.17"]
[Round "11.6"]
[White "Berezjuk,S"]
[Black "Spacek,P"]
[Result "0-1"]
[WhiteElo "2379"]
[BlackElo "2408"]

1.e4 d6 2.d4 Nf6 3.Nc3 Nbd7 4.g4 h6 5.h3 e5 6.Nge2 c6 7.Bg2 b5 8.a3 a6 9.O-O c5
10.dxe5 dxe5 11.Ng3 Nb6 12.Qe2 Bd6 13.Nf5 O-O 14.Rd1 Bxf5 15.exf5 Ra7 16.h4 b4
17.axb4 cxb4 18.Nb5 Rd7 19.Rxd6 Rxd6 20.Nxd6 Qxd6 21.Rxa6 Rd8 22.Be3 Qd1+
23.Bf1 Qxe2 24.Bxe2 Nbd5 25.g5 Nxe3 26.fxe3 hxg5 27.hxg5 Ne4 28.g6 fxg6 29.fxg6 Kf8
30.Rb6 Rd2 31.Rxb4 Ng5 32.Kf1 Rxc2 33.Rg4 Rc1+ 34.Kf2 Ne6 35.Bc4 Rc2+ 36.Kg3 Ke7
37.b4 Rc3 38.Kf2 Kf6 39.Be2 Rb3 40.Rc4 Rb2 41.Rc6 Rxb4 42.Bc4 Rxc4 43.Rxc4 Kxg6
44.Kf3 Kf5 45.Ra4 Ng5+ 46.Ke2 Ne4 47.Ra8 Nf6 48.Rf8 Ke4 49.Rf7 Ng4 50.Ra7 g5
51.Ra5 Nf6 52.Ra4+ Kf5 53.Kf2 Ne4+ 54.Kf3 Nd2+ 55.Kg2 Ne4 56.Ra8 Nc3 57.Rc8 Nd5
58.Kf3 g4+ 59.Ke2 Nf6 60.Rf8 Kg5 61.Kf2 Ne4+ 62.Kg2 Nf6 63.Rf7 Kg6 64.Ra7 Kf5
65.Ra4 Ne4 66.Rb4 Nf6 67.Kg3 Kg5 68.Ra4 Nh5+ 69.Kf2 Nf6 70.Kg2 Kf5 71.Kg3 Kg5
72.Ra8 Ne4+ 73.Kg2 Nf6 74.Rf8 Ne4 75.Rf7 Nf6 76.Kf2 Ne4+ 77.Ke2 Nf6 78.Kd3 Kg6
79.Rf8 Kg5 80.Ra8 g3 81.Ke2 g2 82.Ra1 Kg4 83.Kf2 Kh3 84.Kg1 Kg3 85.Ra5 Ng4
86.e4 Nh2  0-1

[Event "13th Dubai Open"]
[Site "Dubai UAE"]
[Date "2011.04.17"]
[Round "8"]
[White "Roy Chowdhury,S"]
[Black "Halkias,S"]
[Result "0-1"]
[WhiteElo "2459"]
[BlackElo "2579"]

1.e4 d6 2.d4 Nf6 3.Nc3 e5 4.Nf3 Nbd7 5.Bc4 Be7 6.O-O O-O 7.Re1 c6 8.a4 a5
9.b3 h6 10.Bb2 Qc7 11.Bd3 exd4 12.Nxd4 Ne5 13.Nce2 Rd8 14.Ng3 d5 15.exd5 Nxd3
16.Qxd3 Rxd5 17.c4 Rd8 18.Qc2 Bc5 19.Ndf5 Bxf5 20.Qxf5 Bd4 21.Bxd4 Rxd4 22.h3 Rad8
23.Re5 Qd6 24.Rae1 Rd1 25.Re3 b6 26.Qf3 g6 27.Ne4 Nxe4 28.Qxe4 Qf6 29.Rxd1 Rxd1+
30.Kh2 Qa1 31.Qf3 c5 32.Qe4 Kg7 33.Qf3 h5 34.Qe4 h4 35.Qf3 Rg1 36.g3 Rd1
37.Qh1 Qf6 38.Qe1  0-1

[Event "Norsk Open A"]
[Site "Fagernes NOR"]
[Date "2011.04.17"]
[Round "1"]
[White "Haarr,J"]
[Black "Wetle Hoem,T"]
[Result "1-0"]
[WhiteElo "2204"]
[BlackElo "1967"]

1.e4 d6 2.d4 Nf6 3.Nc3 Nbd7 4.Bc4 e5 5.f4 Be7 6.Nf3 exd4 7.Qxd4 O-O 8.Be3 Ng4
9.Bg1 Nb6 10.Bb3 Be6 11.Qd3 c5 12.Bxe6 fxe6 13.O-O-O a6 14.h3 Nh6 15.Bh2 Nf7
16.Kb1 Qe8 17.f5 e5 18.g4 Na4 19.Nd5 Bd8 20.b3 c4 21.Qxc4 b5 22.Qe2 Nc5 23.Bg1 Rc8
24.h4 Qc6 25.g5 a5 26.Bxc5 Qxc5 27.f6 a4 28.h5 Qa3 29.g6 Nh6 30.gxh7+ Kxh7
31.Ng5+ Kg8 32.Ne6 Ba5 33.Qg2 Rf7 34.Ne7+ Kh8 35.fxg7+ Rxg7 36.Qxg7+  1-0

[Event "TCh-HUN 2010-11"]
[Site "Nagykanizsa HUN"]
[Date "2011.04.17"]
[Round "9"]
[White "Gara,T"]
[Black "Izso,D"]
[Result "1-0"]
[WhiteElo "2348"]
[BlackElo "2282"]

1.e4 d6 2.d4 Nf6 3.Nc3 Nbd7 4.Nf3 e5 5.Bc4 Be7 6.O-O O-O 7.Re1 c6 8.a4 h6
9.h3 Re8 10.b3 Qc7 11.Ba3 Nf8 12.Qd2 Ng6 13.Rad1 a6 14.dxe5 dxe5 15.Bxe7 Qxe7
16.a5 Bd7 17.Qd6 Kf8 18.Na4 Rad8 19.Qxe7+ Kxe7 20.Nc5 Bc8 21.h4 Rxd1 22.Rxd1 Bg4
23.Rd3 Bxf3 24.Rxf3 Nxh4 25.Rh3 Ng6 26.Nxb7 Nxe4 27.Bxa6 Kd7 28.Bc4 Re7 29.Re3 Ng5
30.Rd3+ Kc7 31.a6 Kb8 32.Rd8+ Ka7 33.Nd6 Rc7 34.Nc8+ Kb8 35.Nb6+ Ka7 36.Nc8+ Kb8
37.Nd6+ Ka7 38.Ne8 Re7 39.Nxg7 Nh4 40.Rd6 f5 41.Nh5 f4 42.Rxc6 f3 43.g3 Nf5
44.Rf6 Nd4 45.Rxh6 Nxc2 46.Nf6 e4 47.Nd5 Rd7 48.Rh5 Ne6 49.Nc3 Ned4 50.Nxe4 Ne2+
51.Kh2 Ne1 52.Nf6 Rd2 53.Rh7+ Kb6 54.Rb7+ Kc6 55.Bb5+  1-0